00398 2200157 4500001002100000005001500021035002000036245004900056100001400105300002800119260003400147082000800181084001400189020002200203990001500225INLIS00000000000314620251119073744 a0010-11250000071 aMengkaji Ilmu Geografi Kelas XI /cSugiyanto0 aSugiyanto a160 hlm ;c20 x 25,5 cm aSolo :bTiga Serangkai,c2023 a900 a900 SUG m a978-623-199-032-7 a19597/H/26